[Event "CHN-ch Gp-B"]
[Site "Liaocheng"]
[Date "2024.04.26"]
[Round "11"]
[White "Liu, Meng"]
[Black "Jin, Yueheng"]
[Result "1/2-1/2"]
[WhiteElo "1877"]
[BlackElo "2407"]
[PlyCount "61"]
[EventDate "2024.04.21"]
[EventType "swiss"]
[EventRounds "11"]
[EventCountry "CHN"]
[SourceTitle "CB18_2024"]
[SourceDate "2024.05.01"]
[SourceVersion "1"]
[SourceVersionDate "2024.05.01"]
[SourceQuality "2"]

1. d4 Nf6 2. Nf3 d5 3. e3 Bf5 4. c4 e6 5. Nc3 c6 6. Nh4 Bg4 7. Qb3 Qb6 8. h3 Bh5 9. g4 Bg6 10. Nxg6 hxg6 11. g5 Nfd7 12. Bd2 Na6 13. c5 Qxb3 14. axb3 Nc7 15. f4 a6 16. Kf2 Be7 17. Be2 f6 18. h4 Kf7 19. Rag1 Rag8 20. Bd3 Nf8 21. Ne2 e5 22. b4 e4 23. Bc2 Rh7 24. Kg2 Rgh8 25. Be1 Bd8 26. Bg3 Ke8 27. Nc3 Nfe6 28. Bd1 f5 29. Be2 Kd7 30. Rh2 Nf8 31. Ra1 1/2-1/2

[Event "Reykjavik op"]
[Site "Reykjavik"]
[Date "2024.03.19"]
[Round "7"]
[White "Jin, Yueheng"]
[Black "Harish, Neeraj"]
[Result "1/2-1/2"]
[WhiteElo "2404"]
[BlackElo "2090"]
[PlyCount "89"]
[EventDate "2024.03.15"]
[EventType "swiss"]
[EventRounds "9"]
[EventCountry "ISL"]
[SourceTitle "CB13_2024"]
[SourceDate "2024.03.27"]
[SourceVersion "1"]
[SourceVersionDate "2024.03.27"]
[SourceQuality "1"]

1. d4 Nf6 2. c4 g6 3. g3 Bg7 4. Bg2 d5 5. cxd5 Nxd5 6. e4 Nb6 7. Ne2 c5 8. d5 0-0 9. 0-0 e6 10. Nec3 Na6 11. Bf4 exd5 12. exd5 h5 13. h4 Bg4 14. Qc1 Nb4 15. Bg5 Qd7 16. Nd2 N6xd5 17. Nxd5 Nxd5 18. Qxc5 Nc7 19. Ne4 Ne6 20. Qb4 Nxg5 21. hxg5 Qf5 22. Qxb7 Rab8 23. Qxa7 Rxb2 24. a4 h4 25. gxh4 Bh3 26. Ng3 Qg4 27. Ra3 Bxg2 28. Kxg2 Qxh4 29. Qe3 Rb4 30. a5 Ra4 31. a6 Ra8 32. Rb1 Bf8 33. Rxa4 Qxa4 34. Ne4 Bg7 35. Qf3 Qxa6 36. Rb7 Rf8 37. Nf6+ Bxf6 38. gxf6 Qa5 39. Rb3 Qg5+ 40. Kh2 Qe5+ 41. Kg2 Qg5+ 42. Kh2 Rd8 43. Qc6 Qh4+ 44. Kg2 Qg5+ 45. Kh2 1/2-1/2

[Event "Reykjavik op"]
[Site "Reykjavik"]
[Date "2024.03.16"]
[Round "3"]
[White "Jin, Yueheng"]
[Black "Stefansson, Vignir Vatnar"]
[Result "1/2-1/2"]
[WhiteElo "2404"]
[BlackElo "2464"]
[PlyCount "59"]
[EventDate "2024.03.15"]
[EventType "swiss"]
[EventRounds "9"]
[EventCountry "ISL"]
[SourceTitle "CB13_2024"]
[SourceDate "2024.03.27"]
[SourceVersion "1"]
[SourceVersionDate "2024.03.27"]
[SourceQuality "1"]

1. d4 Nf6 2. c4 e6 3. g3 d5 4. Bg2 Be7 5. Nf3 0-0 6. 0-0 dxc4 7. Qc2 b5 8. a4 b4 9. Nfd2 Nd5 10. Nxc4 c5 11. dxc5 Bxc5 12. Rd1 Nd7 13. e4 N5b6 14. Be3 Qe7 15. Nbd2 Ba6 16. Nxb6 axb6 17. Bxc5 Nxc5 18. Nb3 Rfc8 19. Nxc5 bxc5 20. e5 Bb7 21. Bxb7 Qxb7 22. Qc4 Qa6 23. Rdc1 Qxc4 24. Rxc4 Ra5 25. Rac1 Rxa4 26. Rxc5 Rxc5 27. Rxc5 g5 28. Rb5 Ra1+ 29. Kg2 Re1 30. Rxb4 1/2-1/2

[Event "Reykjavik op"]
[Site "Reykjavik"]
[Date "2024.03.15"]
[Round "1"]
[White "Jin, Yueheng"]
[Black "Franco, Gaston Nicolas"]
[Result "1-0"]
[WhiteElo "2404"]
[BlackElo "2021"]
[PlyCount "109"]
[EventDate "2024.03.15"]
[EventType "swiss"]
[EventRounds "9"]
[EventCountry "ISL"]
[SourceTitle "CB13_2024"]
[SourceDate "2024.03.27"]
[SourceVersion "1"]
[SourceVersionDate "2024.03.27"]
[SourceQuality "1"]

1. d4 Nf6 2. c4 e6 3. g3 d5 4. Bg2 Be7 5. Nf3 0-0 6. 0-0 dxc4 7. Qc2 b6 8. Bg5 Nd5 9. Bxe7 Qxe7 10. Rc1 Bb7 11. Qxc4 c5 12. dxc5 Rc8 13. Nc3 Nxc3 14. Rxc3 Rxc5 15. Qh4 Qxh4 16. Nxh4 Bxg2 17. Rxc5 bxc5 18. Nxg2 Kf8 19. Ne3 Nd7 20. Rc1 Ke7 21. Nc4 Nb6 22. Na5 Rc8 23. b3 c4 24. Nxc4 Nxc4 25. bxc4 Kd6 26. Rc3 Kc5 27. Ra3 Rc7 28. Ra4 Rd7 29. Kg2 Kb6 30. Kf3 Kc5 31. Ke3 Kb6 32. h4 a5 33. Ra3 h5 34. Rd3 Ra7 35. Rb3+ Kc5 36. Kd3 g6 37. Rb5+ Kc6 38. a4 Rd7+ 39. Ke3 Ra7 40. Ke4 Kd6 41. Kd4 Kc6 42. Ke5 Rd7 43. Kf6 Rd2 44. Kxf7 Rxe2 45. Kxg6 Rxf2 46. Kxh5 Rc2 47. Rxa5 Rxc4 48. g4 Kd6 49. g5 Ke7 50. Ra7+ Kf8 51. g6 e5 52. Kg5 e4 53. h5 e3 54. h6 Rc5+ 55. Kf4 1-0

[Event "CHN-ch U16"]
[Site "Shanghai"]
[Date "2024.02.20"]
[Round "10"]
[White "Jin, Yueheng"]
[Black "Jiao, Zhaorui"]
[Result "1-0"]
[WhiteElo "2420"]
[BlackElo "1634"]
[PlyCount "51"]
[EventDate "2024.02.16"]
[EventType "swiss"]
[EventRounds "11"]
[EventCountry "CHN"]
[SourceTitle "CB09_2024"]
[SourceDate "2024.02.28"]
[SourceVersion "1"]
[SourceVersionDate "2024.02.28"]
[SourceQuality "1"]

1. d4 Nf6 2. c4 e6 3. g3 d5 4. Nf3 dxc4 5. Bg2 c5 6. 0-0 Nc6 7. dxc5 Qxd1 8. Rxd1 Bxc5 9. Nbd2 c3 10. bxc3 0-0 11. Nb3 Be7 12. Nfd4 Bd7 13. Nb5 Rab8 14. Be3 a6 15. Nd6 Bxd6 16. Rxd6 Ne5 17. Na5 Bb5 18. Bf4 b6 19. Bxe5 bxa5 20. a4 Bxe2 21. Rd2 Bc4 22. Bxb8 Rxb8 23. Rd4 Rc8 24. Bb7 e5 25. Bxc8 exd4 26. cxd4 1-0

[Event "CHN-ch U16"]
[Site "Shanghai"]
[Date "2024.02.18"]
[Round "5"]
[White "Liu, Haoling"]
[Black "Jin, Yueheng"]
[Result "0-1"]
[WhiteElo "1616"]
[BlackElo "2420"]
[PlyCount "68"]
[EventDate "2024.02.16"]
[EventType "swiss"]
[EventRounds "11"]
[EventCountry "CHN"]
[SourceTitle "CB09_2024"]
[SourceDate "2024.02.28"]
[SourceVersion "1"]
[SourceVersionDate "2024.02.28"]
[SourceQuality "1"]

1. d4 d5 2. c4 e6 3. Nf3 Nf6 4. g3 dxc4 5. Bg2 Nc6 6. Qa4 Bb4+ 7. Bd2 Nd5 8. Bxb4 Ndxb4 9. 0-0 Rb8 10. Na3 0-0 11. Qb5 b6 12. Qxc4 Ba6 13. Nb5 Qd5 14. Qxd5 Nxd5 15. a4 Na5 16. Ne5 Rbd8 17. Bxd5 Bxb5 18. axb5 Rxd5 19. Ra4 f6 20. Nc6 Nxc6 21. bxc6 a5 22. e3 Rb5 23. Rb1 Rd8 24. Kf1 Rb3 25. Ke2 Rd5 26. Ra3 Rb4 27. b3 Rdb5 28. Kd3 Kf7 29. Kc3 Ke7 30. Ra2 Kd6 31. Rc2 Kxc6 32. Kd2+ Kd6 33. Rbc1 c5 34. dxc5+ bxc5 0-1

[Event "CHN-ch U16"]
[Site "Shanghai"]
[Date "2024.02.16"]
[Round "1"]
[White "Zhou, Lin"]
[Black "Jin, Yueheng"]
[Result "0-1"]
[WhiteElo "1202"]
[BlackElo "2420"]
[PlyCount "64"]
[EventDate "2024.02.16"]
[EventType "swiss"]
[EventRounds "11"]
[EventCountry "CHN"]
[SourceTitle "CB09_2024"]
[SourceDate "2024.02.28"]
[SourceVersion "1"]
[SourceVersionDate "2024.02.28"]
[SourceQuality "1"]

1. d4 d5 2. c4 e6 3. Nf3 Nf6 4. g3 dxc4 5. Bg2 Nbd7 6. Qc2 Rb8 7. a4 a6 8. Qxc4 b5 9. Qc2 Bb7 10. 0-0 c5 11. Rd1 Rc8 12. axb5 axb5 13. Qb3 Qb6 14. Na3 Bc6 15. Ne5 Nxe5 16. dxe5 Nd5 17. Be3 Qb7 18. Nc2 Be7 19. Qa3 0-0 20. Qa7 Ra8 21. Qxb7 Bxb7 22. Bd2 Rfb8 23. Ne3 Rxa1 24. Rxa1 Ra8 25. Rxa8+ Bxa8 26. Nd1 Kf8 27. Nc3 Nxc3 28. Bxc3 Bxg2 29. Kxg2 Ke8 30. b3 Kd7 31. Kf3 Kc6 32. Ke4 b4 0-1

[Event "Arandjelovac op 2nd"]
[Site "Arandjelovac"]
[Date "2023.08.06"]
[Round "9"]
[White "Shahil, Dey"]
[Black "Jin, Yueheng"]
[Result "0-1"]
[WhiteElo "2357"]
[BlackElo "2304"]
[PlyCount "86"]
[EventDate "2023.07.31"]
[EventType "swiss"]
[EventRounds "9"]
[EventCountry "SRB"]
[SourceTitle "CBM 215 Extra"]
[Source "ChessBase"]
[SourceDate "2023.09.30"]
[SourceVersion "1"]
[SourceVersionDate "2023.09.30"]
[SourceQuality "1"]

1. c4 e6 2. g3 d5 3. Bg2 Nf6 4. Nf3 Be7 5. 0-0 0-0 6. b3 c5 7. cxd5 Nxd5 8. Bb2 Nc6 9. d4 cxd4 10. Nxd4 Bd7 11. Nc3 Nxc3 12. Bxc3 Rc8 13. Nb5 Nb8 14. Qd4 e5 15. Qxe5 Bf6 16. Qe3 Bxb5 17. Bxf6 Qxf6 18. Bxb7 Rc7 19. Bf3 Re8 20. Qd2 Rce7 21. Rfe1 Nc6 22. Rad1 Ne5 23. Bg2 Bc6 24. f3 h6 25. Rc1 Bb7 26. Kh1 Qb6 27. Qc3 Qf2 28. e4 Qxa2 29. Qe3 a6 30. h3 Qa5 31. Red1 Nd7 32. Qd3 Qb6 33. Kh2 Nf8 34. Qc4 Ne6 35. Qa4 Ng5 36. Rc2 Qe3 37. Rf1 Rd8 38. Qb4 Red7 39. h4 Ne6 40. Rff2 Nd4 41. Rb2 Bc6 42. Qa5 Bb5 43. b4 Be2 0-1

[Event "Arandjelovac op 2nd"]
[Site "Arandjelovac"]
[Date "2023.08.03"]
[Round "6"]
[White "Djukic, Zeljko"]
[Black "Jin, Yueheng"]
[Result "1/2-1/2"]
[WhiteElo "2240"]
[BlackElo "2304"]
[PlyCount "42"]
[EventDate "2023.07.31"]
[EventType "swiss"]
[EventRounds "9"]
[EventCountry "SRB"]
[SourceTitle "CBM 215 Extra"]
[Source "ChessBase"]
[SourceDate "2023.09.30"]
[SourceVersion "1"]
[SourceVersionDate "2023.09.30"]
[SourceQuality "1"]

1. d4 d5 2. c4 e6 3. Nc3 Be7 4. Nf3 Nf6 5. Bg5 h6 6. Bh4 dxc4 7. e3 c5 8. dxc5 Qxd1+ 9. Rxd1 Nbd7 10. Bxc4 Nxc5 11. Bb5+ Bd7 12. Bxd7+ Nfxd7 13. Bxe7 Kxe7 14. b4 Na6 15. a3 Nab8 16. Nb5 Rc8 17. 0-0 Nc6 18. Nd6 Rc7 19. Nb5 Rcc8 20. Nd6 Rc7 21. Nb5 Rcc8 1/2-1/2

[Event "Arandjelovac op 2nd"]
[Site "Arandjelovac"]
[Date "2023.08.02"]
[Round "4"]
[White "Drazic, Sinisa"]
[Black "Jin, Yueheng"]
[Result "1/2-1/2"]
[WhiteElo "2330"]
[BlackElo "2304"]
[PlyCount "44"]
[EventDate "2023.07.31"]
[EventType "swiss"]
[EventRounds "9"]
[EventCountry "SRB"]
[SourceTitle "CBM 215 Extra"]
[Source "ChessBase"]
[SourceDate "2023.09.30"]
[SourceVersion "1"]
[SourceVersionDate "2023.09.30"]
[SourceQuality "1"]

1. c4 e6 2. Nc3 d5 3. d4 Be7 4. Nf3 Nf6 5. Bg5 h6 6. Bh4 dxc4 7. e3 c5 8. Bxc4 cxd4 9. exd4 0-0 10. 0-0 Nc6 11. a3 Nh5 12. Bxe7 Nxe7 13. Ne5 Nf6 14. Qd3 a6 15. Ne4 Ned5 16. Rac1 Nxe4 17. Qxe4 Nf6 18. Qf4 b5 19. Bb3 Bb7 20. h3 Bd5 21. Bxd5 Nxd5 22. Qf3 b4 1/2-1/2

[Event "Belgrade Serbia op"]
[Site "Belgrade"]
[Date "2023.07.24"]
[Round "9"]
[White "Jin, Yueheng"]
[Black "Tadic, Stefan"]
[Result "1/2-1/2"]
[WhiteElo "2113"]
[BlackElo "2402"]
[PlyCount "224"]
[EventDate "2023.07.16"]
[EventType "swiss"]
[EventRounds "9"]
[EventCountry "SRB"]
[SourceTitle "CBM 215 Extra"]
[Source "ChessBase"]
[SourceDate "2023.09.30"]
[SourceVersion "1"]
[SourceVersionDate "2023.09.30"]
[SourceQuality "1"]

1. d4 Nf6 2. c4 c5 3. d5 b5 4. cxb5 a6 5. e3 axb5 6. Bxb5 Qa5+ 7. Nc3 Bb7 8. Bd2 Qb6 9. a4 Nxd5 10. Nxd5 Bxd5 11. Nf3 e6 12. Bc3 Be7 13. 0-0 0-0 14. Re1 Qb7 15. Qe2 f5 16. Bd3 Na6 17. e4 fxe4 18. Bxe4 Bxe4 19. Qxe4 Qxe4 20. Rxe4 Nc7 21. Rg4 Ne8 22. a5 Nf6 23. Rga4 Nd5 24. a6 Nxc3 25. bxc3 Bf6 26. Rd1 Ra7 27. c4 Rc8 28. Rd6 Rb8 29. Kf1 Kf8 30. Rd2 Ke7 31. Rda2 Kd6 32. Nd2 Kc6 33. Ke2 Bc3 34. Ne4 Bd4 35. Kd3 d5 36. Ng5 e5 37. cxd5+ Kxd5 38. f3 c4+ 39. Kc2 Rb3 40. Ne4 Bb6 41. Nd2 Rb5 42. Rxc4 Bd4 43. Kd3 Rb6 44. Rca4 Rc6 45. Ne4 Rc1 46. Ra5+ Kc6 47. R5a3 Rd1+ 48. Rd2 Re1 49. Rc2+ Kd7 50. Nc3 Re3+ 51. Kd2 Ke6 52. Ra4 Rd7 53. Nb5 Bb6+ 54. Kc1 Ba7 55. Rc6+ Kd5 56. Nxa7 Rxa7 57. Rc2 Re1+ 58. Kd2 Rb1 59. Ra5+ Ke6 60. Ke3 Rb3+ 61. Kf2 Rb6 62. Rca2 Kf5 63. Ke3 g5 64. Kd3 Rc6 65. R2a3 h5 66. Ke3 Rc2 67. Ra2 Rc3+ 68. Kf2 Rc6 69. Kg3 h4+ 70. Kf2 Rh6 71. R5a4 Rc6 72. g4+ Ke6 73. Ra5 Kf6 74. h3 Rb6 75. R2a3 Rc6 76. Ke3 Ke6 77. R3a4 Kf6 78. Ke4 Rd6 79. Ke3 Rb6 80. Ra3 Rd6 81. Ra2 Re6 82. Ke4 Rd6 83. R2a4 Rd1 84. Rd5 Re1+ 85. Kd3 Ke6 86. Rb5 Rd1+ 87. Kc3 Rd6 88. Rba5 Rb6 89. Re4 Rbxa6 90. Rexe5+ Kf6 91. Rf5+ Ke7 92. Rae5+ Kd6 93. Rd5+ Ke6 94. Rde5+ Kd6 95. Rb5 Ra3+ 96. Rb3 R3a5 97. Rb6+ Ke7 98. Rb7+ Rxb7 99. Rxa5 Kf6 100. Kd4 Rb6 101. Kd5 Kg6 102. Ke5 Rf6 103. Ra3 Rf4 104. Re3 Rf8 105. Rd3 Rf4 106. Ke6 Rf6+ 107. Ke7 Rf7+ 108. Ke8 Rf4 109. Ke7 Rf7+ 110. Ke6 Rf6+ 111. Ke5 Rf4 112. Rc3 Kg7 1/2-1/2

[Event "Belgrade Serbia op"]
[Site "Belgrade"]
[Date "2023.07.19"]
[Round "4"]
[White "Geivondian, Arman"]
[Black "Jin, Yueheng"]
[Result "1/2-1/2"]
[WhiteElo "2356"]
[BlackElo "2113"]
[PlyCount "106"]
[EventDate "2023.07.16"]
[EventType "swiss"]
[EventRounds "9"]
[EventCountry "SRB"]
[SourceTitle "CBM 215 Extra"]
[Source "ChessBase"]
[SourceDate "2023.09.30"]
[SourceVersion "1"]
[SourceVersionDate "2023.09.30"]
[SourceQuality "1"]

1. d4 d5 2. c4 e6 3. Nf3 Nf6 4. cxd5 exd5 5. Nc3 c6 6. Qc2 Be7 7. Bg5 g6 8. e3 Bf5 9. Bd3 Bxd3 10. Qxd3 Nbd7 11. Bh6 Bf8 12. Bf4 Be7 13. h3 0-0 14. 0-0 Re8 15. Rab1 a5 16. a3 Nb6 17. Nd2 a4 18. b3 axb3 19. Rxb3 Rxa3 20. Rxa3 Bxa3 21. Nb5 Bf8 22. Bc7 Qd7 23. Bxb6 cxb5 24. Rb1 b4 25. Bc5 Bxc5 26. dxc5 Ne4 27. Nxe4 Rxe4 28. Qd2 Rc4 29. Rxb4 Rxc5 30. Qb2 b5 31. Qe5 Qc6 32. Rd4 Qe6 33. Qb8+ Kg7 34. g4 Rc1+ 35. Kg2 Rc5 36. Kg1 h6 37. Kg2 Kh7 38. Qb7 Kg7 39. Qb8 Rc4 40. Qxb5 Rxd4 41. Qb2 Qe4+ 42. Kg1 Qd3 43. Kg2 Qe4+ 44. Kg1 Qf3 45. Qxd4+ Kg8 46. h4 Qh3 47. g5 hxg5 48. hxg5 Qf5 49. Qh4 Kf8 50. Kg2 Ke7 51. Qb4+ Kd7 52. Qb7+ Kd6 53. Qb8+ Kd7 1/2-1/2

[Event "Paracin op 16th"]
[Site "Paracin"]
[Date "2023.07.14"]
[Round "8"]
[White "Djordjevic, Vuk D"]
[Black "Jin, Yueheng"]
[Result "1/2-1/2"]
[WhiteElo "2385"]
[BlackElo "2113"]
[PlyCount "151"]
[EventDate "2023.07.07"]
[EventType "swiss"]
[EventRounds "9"]
[EventCountry "SRB"]
[SourceTitle "EXT 2024"]
[Source "ChessBase"]
[SourceDate "2023.10.10"]
[SourceVersion "1"]
[SourceVersionDate "2023.10.10"]
[SourceQuality "1"]

1. e4 c5 2. g3 e6 3. Bg2 d5 4. exd5 exd5 5. d4 cxd4 6. Ne2 Bb4+ 7. Nd2 d3 8. cxd3 Nf6 9. 0-0 0-0 10. Nb3 Nc6 11. Be3 Re8 12. h3 Bd6 13. Rc1 h6 14. a3 Bf5 15. Nbd4 Nxd4 16. Nxd4 Bg6 17. Qd2 Qd7 18. f4 h5 19. f5 Bh7 20. Bf4 Rac8 21. Rxc8 Rxc8 22. Qf2 Re8 23. Bxd6 Qxd6 24. Re1 Rxe1+ 25. Qxe1 g6 26. Qe3 gxf5 27. Ne2 Qe6 28. Kf2 a6 29. Nf4 Qd6 30. Qd4 Bg6 31. Bxd5 Kg7 32. b4 b6 33. Qc4 a5 34. Bf3 axb4 35. axb4 Kh7 36. Ne2 Kg7 37. Qc3 Kh7 38. Qc6 Qd8 39. d4 Ne4+ 40. Bxe4 fxe4 41. h4 Qe7 42. Qc3 e3+ 43. Qxe3 Qxb4 44. d5 Qd6 45. Qd4 b5 46. Ng1 b4 47. Nf3 b3 48. Nd2 b2 49. Qxb2 Qc5+ 50. Ke2 Qxd5 51. Nf3 Qc4+ 52. Kf2 Qc5+ 53. Nd4 Qe5 54. Qd2 Qc5 55. Qe3 Qb6 56. Kf3 Qb7+ 57. Kf2 Qb6 58. Kg2 Qb2+ 59. Ne2 Qc2 60. Kg1 Qd1+ 61. Kf2 Qc2 62. Qe7 Qd2 63. Qc5 Qb2 64. Ke3 Qb3+ 65. Nc3 Qe6+ 66. Kd2 Qd7+ 67. Kc1 Qd3 68. Nd5 Qf1+ 69. Kd2 Qd3+ 70. Kc1 Qf1+ 71. Kd2 Qd3+ 72. Kc1 Kg7 73. Qc3+ Qxc3+ 74. Nxc3 Kf6 75. Kd2 Ke5 76. Ke3 1/2-1/2

[Event "Paracin op 16th"]
[Site "Paracin"]
[Date "2023.07.13"]
[Round "7"]
[White "Jin, Yueheng"]
[Black "Raahul, VS."]
[Result "1/2-1/2"]
[WhiteElo "2113"]
[BlackElo "2319"]
[PlyCount "69"]
[EventDate "2023.07.07"]
[EventType "swiss"]
[EventRounds "9"]
[EventCountry "SRB"]
[SourceTitle "EXT 2024"]
[Source "ChessBase"]
[SourceDate "2023.10.10"]
[SourceVersion "1"]
[SourceVersionDate "2023.10.10"]
[SourceQuality "1"]

1. d4 Nf6 2. c4 e6 3. g3 Bb4+ 4. Bd2 Qe7 5. Bg2 0-0 6. Nf3 Bxd2+ 7. Qxd2 d6 8. Nc3 e5 9. 0-0 a5 10. e4 Nc6 11. h3 h6 12. Rfe1 Nh7 13. b3 Ng5 14. Nxg5 hxg5 15. d5 Nb8 16. Nd1 Nd7 17. Nb2 Nc5 18. Nd3 b6 19. Qc3 g6 20. a3 f5 21. Nxc5 bxc5 22. b4 cxb4 23. axb4 axb4 24. Qxb4 Rxa1 25. Rxa1 fxe4 26. Qe1 g4 27. hxg4 Bxg4 28. Qxe4 Bf5 29. Qe3 Rb8 30. Rc1 Rb1 31. Rxb1 Bxb1 32. Be4 Bxe4 33. Qxe4 Qf6 34. Qb1 Kg7 35. Qb7 1/2-1/2

[Event "Paracin op 16th"]
[Site "Paracin"]
[Date "2023.07.08"]
[Round "3"]
[White "Jin, Yueheng"]
[Black "Ajay, Karthikeyan"]
[Result "1/2-1/2"]
[WhiteElo "2113"]
[BlackElo "2441"]
[PlyCount "56"]
[EventDate "2023.07.07"]
[EventType "swiss"]
[EventRounds "9"]
[EventCountry "SRB"]
[SourceTitle "EXT 2024"]
[Source "ChessBase"]
[SourceDate "2023.10.10"]
[SourceVersion "1"]
[SourceVersionDate "2023.10.10"]
[SourceQuality "1"]

1. d4 Nf6 2. c4 g6 3. g3 Bg7 4. Bg2 c5 5. d5 d6 6. Nc3 0-0 7. Nf3 e6 8. 0-0 exd5 9. cxd5 Re8 10. Re1 Nbd7 11. Bf4 Ng4 12. Bg5 Qa5 13. Qb3 b5 14. h3 b4 15. Nd1 Nge5 16. Ne3 Ba6 17. a3 bxa3 18. Qxa3 Nxf3+ 19. Bxf3 Qxa3 20. Rxa3 Bb5 21. Bf4 Ne5 22. Bg2 a6 23. b3 Rad8 24. Ra2 Kf8 25. Rc1 Ra8 26. Nc4 Bxc4 27. bxc4 Reb8 28. Bd2 Ke7 1/2-1/2

[Event "China zt 3.5"]
[Site "Shenzhen"]
[Date "2023.04.13"]
[Round "9"]
[White "Jiang, Haochen"]
[Black "Jin, Yueheng"]
[Result "0-1"]
[WhiteElo "1523"]
[BlackElo "2161"]
[PlyCount "112"]
[EventDate "2023.04.05"]
[EventType "swiss"]
[EventRounds "9"]
[EventCountry "CHN"]
[SourceTitle "CBM 213 Extra"]
[Source "ChessBase"]
[SourceDate "2023.05.31"]
[SourceVersion "1"]
[SourceVersionDate "2023.05.31"]
[SourceQuality "1"]

1. d4 d5 2. Bf4 Nf6 3. e3 c5 4. Nc3 a6 5. Nf3 Nc6 6. Be2 cxd4 7. exd4 Bg4 8. h3 Bxf3 9. Bxf3 e6 10. Ne2 Bd6 11. c3 0-0 12. 0-0 b5 13. b4 a5 14. a4 Bxf4 15. Nxf4 Qb8 16. Nd3 axb4 17. Nxb4 Qb6 18. Rb1 Rxa4 19. Nxd5 Nxd5 20. Bxd5 Ra3 21. Qc1 Ra5 22. Be4 Ne7 23. Qg5 Qc7 24. Rfc1 h6 25. Qd2 Nc8 26. Bd3 Nd6 27. Qe2 Ra3 28. Qb2 Ra5 29. Ra1 Rxa1 30. Qxa1 Rc8 31. Qb2 Qa5 32. Rc2 Kf8 33. Qb3 Rc7 34. Kh2 Rc8 35. f4 Kg8 36. g3 Kf8 37. Bf1 Ne4 38. c4 Nd2 39. Qd3 Nxf1+ 40. Qxf1 Qa4 41. Qb1 Rxc4 42. Ra2 Rc1 43. Rxa4 Rxb1 44. Ra8+ Ke7 45. Ra7+ Kf6 46. g4 Rd1 47. Rd7 b4 48. f5 exf5 49. gxf5 b3 50. Rb7 Rxd4 51. Rxb3 Kxf5 52. Kg3 g5 53. Rb5+ Kg6 54. Rb6+ f6 55. Rb3 h5 56. Ra3 h4+ 0-1

[Event "China zt 3.5"]
[Site "Shenzhen"]
[Date "2023.04.10"]
[Round "6"]
[White "Nie, Xinyang"]
[Black "Jin, Yueheng"]
[Result "1-0"]
[WhiteElo "2312"]
[BlackElo "2161"]
[PlyCount "73"]
[EventDate "2023.04.05"]
[EventType "swiss"]
[EventRounds "9"]
[EventCountry "CHN"]
[SourceTitle "CBM 213 Extra"]
[Source "ChessBase"]
[SourceDate "2023.05.31"]
[SourceVersion "1"]
[SourceVersionDate "2023.05.31"]
[SourceQuality "1"]

1. d4 d5 2. Nf3 Nf6 3. Bf4 c5 4. e3 Nc6 5. Nbd2 e6 6. c3 Bd6 7. Bg3 0-0 8. Bd3 Re8 9. Ne5 Qc7 10. f4 b6 11. Bh4 Be7 12. Bxf6 Bxf6 13. Qh5 g6 14. Qe2 Ne7 15. g4 Bg7 16. h4 f6 17. h5 fxe5 18. fxe5 Bxe5 19. dxe5 Qxe5 20. 0-0-0 Qg7 21. e4 Bb7 22. Rh3 dxe4 23. Bxe4 Nd5 24. Qh2 g5 25. h6 Qe7 26. Qe5 Nf4 27. Bxb7 Qxb7 28. Ne4 Ng6 29. Nf6+ Kh8 30. Qxg5 Red8 31. Rhd3 Rxd3 32. Rxd3 c4 33. Rd7 Qh1+ 34. Kc2 Qg2+ 35. Qd2 Qxd2+ 36. Kxd2 Nf8 37. Rg7 1-0

[Event "Arandjelovac op 1st"]
[Site "Arandjelovac"]
[Date "2023.03.22"]
[Round "9"]
[White "Dimitrov, Radoslav"]
[Black "Jin, Yueheng"]
[Result "0-1"]
[WhiteElo "2500"]
[BlackElo "1977"]
[PlyCount "120"]
[EventDate "2023.03.15"]
[EventType "swiss"]
[EventRounds "9"]
[EventCountry "SRB"]
[SourceTitle "CBM 213 Extra"]
[Source "ChessBase"]
[SourceDate "2023.05.31"]
[SourceVersion "1"]
[SourceVersionDate "2023.05.31"]
[SourceQuality "1"]

1. e4 c5 2. c3 Nf6 3. e5 Nd5 4. Bc4 Nb6 5. Bb3 Nc6 6. d4 cxd4 7. cxd4 e6 8. Nf3 d6 9. Qe2 dxe5 10. dxe5 Bb4+ 11. Nc3 Nd5 12. 0-0 Nxc3 13. bxc3 Be7 14. Nd4 Nxd4 15. cxd4 0-0 16. Qe4 Rb8 17. Bc2 g6 18. Bh6 Re8 19. Rfd1 Bg5 20. Bxg5 Qxg5 21. h4 Qe7 22. Qf4 b6 23. Rd3 Bb7 24. h5 Rbc8 25. Bb3 Red8 26. hxg6 fxg6 27. Rc1 Rxc1+ 28. Qxc1 Bd5 29. Bxd5 Rxd5 30. Qc8+ Rd8 31. Qc4 Qd7 32. Rc3 Kg7 33. Qc7 Kg8 34. Qxd7 Rxd7 35. Rc4 b5 36. Rb4 a6 37. a4 Rb7 38. f4 Kf7 39. Kf2 g5 40. f5 exf5 41. d5 h5 42. Ke3 h4 43. Kd4 g4 44. Kc5 h3 45. gxh3 g3 46. Kd4 Rb8 47. Rb1 g2 48. axb5 Rg8 49. Rg1 axb5 50. Ke3 b4 51. Kf4 b3 52. Kxf5 b2 53. d6 b1Q+ 54. Rxb1 g1Q 55. e6+ Kf8 56. Rxg1 Rxg1 57. Ke5 Rh1 58. Kd5 Rxh3 59. Kc6 Ke8 60. Kc7 Rc3+ 0-1

[Event "Arandjelovac op 1st"]
[Site "Arandjelovac"]
[Date "2023.03.17"]
[Round "4"]
[White "Jin, Yueheng"]
[Black "Jocev, Milan"]
[Result "1-0"]
[WhiteElo "1977"]
[BlackElo "2315"]
[PlyCount "67"]
[EventDate "2023.03.15"]
[EventType "swiss"]
[EventRounds "9"]
[EventCountry "SRB"]
[SourceTitle "CBM 213 Extra"]
[Source "ChessBase"]
[SourceDate "2023.05.31"]
[SourceVersion "1"]
[SourceVersionDate "2023.05.31"]
[SourceQuality "1"]

1. d4 d5 2. c4 c6 3. Nf3 Nf6 4. g3 Bf5 5. Nc3 e6 6. Qb3 Qb6 7. c5 Qxb3 8. axb3 Na6 9. Bf4 Nh5 10. e3 Nb4 11. Kd2 Nxf4 12. gxf4 f6 13. Ra4 a5 14. Be2 b6 15. cxb6 Bd6 16. Rha1 0-0 17. Rxa5 Rxa5 18. Rxa5 Rb8 19. Na4 Nd3 20. Rc5 Nb4 21. Rc1 Kf7 22. Ne1 Ke7 23. Bd3 Be4 24. f3 Nxd3 25. Nxd3 Bxd3 26. Kxd3 Kd7 27. Rg1 Bf8 28. Nc5+ Ke8 29. Ra1 Bd6 30. Ra6 e5 31. fxe5 fxe5 32. b4 g5 33. dxe5 Bxe5 34. b7 1-0

[Event "Arandjelovac op 1st"]
[Site "Arandjelovac"]
[Date "2023.03.16"]
[Round "2"]
[White "Jin, Yueheng"]
[Black "Kosic, Dragan"]
[Result "0-1"]
[WhiteElo "1977"]
[BlackElo "2387"]
[PlyCount "82"]
[EventDate "2023.03.15"]
[EventType "swiss"]
[EventRounds "9"]
[EventCountry "SRB"]
[SourceTitle "CBM 213 Extra"]
[Source "ChessBase"]
[SourceDate "2023.05.31"]
[SourceVersion "1"]
[SourceVersionDate "2023.05.31"]
[SourceQuality "1"]

1. d4 Nf6 2. c4 e6 3. g3 Bb4+ 4. Bd2 Qe7 5. Bg2 Nc6 6. Nf3 Bxd2+ 7. Nbxd2 d6 8. 0-0 0-0 9. e4 e5 10. d5 Nb8 11. Ne1 a5 12. Nd3 Na6 13. a3 Bg4 14. f3 Bd7 15. b3 c6 16. a4 cxd5 17. exd5 b6 18. Ne4 Nxe4 19. fxe4 f5 20. Qe2 Qg5 21. Bh3 g6 22. exf5 gxf5 23. Rf2 Rf6 24. Raf1 Raf8 25. Qd2 Qxd2 26. Rxd2 Nc5 27. Nxc5 bxc5 28. Rd3 Kg7 29. Rdf3 Kg6 30. R1f2 h5 31. Kf1 Kg5 32. Ke2 Be8 33. Kd2 Bg6 34. Bf1 h4 35. Bd3 hxg3 36. Rxg3+ Kh6 37. Rfg2 e4 38. Bc2 Rh8 39. Bd1 f4 40. Rh3+ Kg7 41. Bh5 Rh6 0-1